| 000 | 01410cam a22003614a 4500 | ||
|---|---|---|---|
| 999 |
_c528126 _d528126 |
||
| 001 | 11897603 | ||
| 003 | NUST | ||
| 005 | 20190829074324.0 | ||
| 008 | 000127s2001 au a 001 0 eng | ||
| 010 | _a 00021222 | ||
| 020 | _a0324015933 | ||
| 038 | _awaseem | ||
| 040 |
_aDLC _cDLC _dDLC |
||
| 042 | _apcc | ||
| 050 | 0 | 0 |
_aHF5679 _b.P4194 2001 |
| 082 | 0 | 0 |
_a657.028557565 _bPER |
| 100 | 1 |
_aPerry, James T. _919701 |
|
| 245 | 0 | 0 |
_aBuilding accounting systems using Access2000 / _cJames T. Perry, Gary P. Schneider. |
| 246 | 3 | 0 | _aAccess2000 |
| 246 | 3 | _aAccess 2000 | |
| 260 |
_aAustralia ; _aCincinnati, Ohio : _bSouth-Western College Pub., _cc2001. |
||
| 300 |
_axxi, 528 p. : _bill. (some col.) ; _c24 cm. + _e1 computer optical disc (4 3/4 in.) |
||
| 500 | _aIncludes index. | ||
| 650 | 0 |
_aAccounting _xData processing. _919702 |
|
| 650 | 0 |
_aTransaction systems (Computer systems) _919703 |
|
| 700 | 1 |
_aSchneider, Gary P., _d1952- _919704 |
|
| 730 | 0 |
_aMicrosoft Access. _919705 |
|
| 856 | 4 | 2 |
_3Contributor biographical information _uhttp://www.loc.gov/catdir/enhancements/fy1509/00021222-b.html |
| 856 | 4 | 2 |
_3Publisher description _uhttp://www.loc.gov/catdir/enhancements/fy1509/00021222-d.html |
| 906 |
_a7 _bcbc _corignew _d1 _eocip _f20 _gy-gencatlg |
||
| 942 |
_2ddc _cBK |
||